000 00375nam a2200145Ia 4500
008 230711s9999||||xx |||||||||||||| ||und||
041 _aENG
082 _a624
_bSH-S
100 _aSharma,Jawahar Lal
245 2 _aA textbook of surveying
250 _a2nd Ed.
260 _c1988
_aNew Delhi
_bCBS Publishers & Distributors Pvt.Ltd
650 _aCivil Engineering
942 _cBK
999 _c1082
_d1082